Vybrané otázky ozbrojeného konfliktu záverečná správa o výsledkoch riešenia projektu mladých učiteľov, vedeckých pracovníkov a doktorandov číslo I-14-114-00 : doba riešenia projektu - rok 2014

Saved in:
Bibliographic Details
Main Author: Pyteľová, Klaudia, 1985-
Corporate Author: Fakulta medzinárodných vzťahov EU. Katedra medzinárodného práva
Other Authors: Galanská, Nina, Harakaľová, Dorota, 1989-, Čech, Ľubomír, 1955-, Klátik, Jaroslav
Format: Book
Language:Slovak
Published: Bratislava 2014
Subjects:
Tags: Add Tag
No Tags, Be the first to tag this record!

MARC

LEADER 00000nam a2200000 4500
001 0212940
005 20240527093037.4
041 0 |a slo 
044 |a SK 
245 1 0 |a Vybrané otázky ozbrojeného konfliktu  |b záverečná správa o výsledkoch riešenia projektu mladých učiteľov, vedeckých pracovníkov a doktorandov číslo I-14-114-00 : doba riešenia projektu - rok 2014  |c zodpovedný riešiteľ: Klaudia Pyteľová, spoluriešitelia: Nina Galanská, Dorota Harakaľová ; oponenti: Ľubomír Čech, Jaroslav Klátik 
264 1 |a Bratislava  |c 2014 
300 |a 8 s.  |e 12 príl. 
610 2 0 |a konflikty medzinárodné 
610 2 0 |a právo 
610 2 0 |a právo medzinárodné 
610 2 0 |a vzťahy medzinárodné 
100 1 |a Pyteľová, Klaudia, 1985- 
700 1 |a Galanská, Nina 
700 1 |a Harakaľová, Dorota, 1989- 
700 1 |a Čech, Ľubomír, 1955- 
700 1 |a Klátik, Jaroslav 
710 2 |a Fakulta medzinárodných vzťahov EU. Katedra medzinárodného práva